5-Star Animated Movies Quiz Stats

 Plays Quiz Updated Jul 9, 2014

Support Sporcle.
Go Orange.
Score 0/60 Timer 08:00
5 Plays Today
% Correct
Buzz Lightyear
98.5%
Woody
97.6%
Mr. Potato Head
95.3%
Simba
93.3%
Slinky Dog
93.2%
Scar
92.5%
Mufasa
92.1%
Baloo
92%
Dory
91.4%
Princess Fiona
90.4%
Donkey
90.3%
Mike Wazowski
90%
Puss in Boots
89.4%
Pumbaa
89.4%
Mowgli
89.3%
Belle
88.9%
Elsa
88.8%
Lightning McQueen
88.5%
Jafar
87.8%
Jasmine
87.6%
Nala
86.7%
Olaf
86.3%
Genie
85.1%
Marlin
84.9%
Abu
84.8%
James P. Sullivan
84%
Shere Khan
83.6%
Gingerbread Man
83.4%
Gaston
82.9%
Bagheera
81.4%
% Correct
Kristoff
81.1%
Boo
79.9%
Hans
79.9%
Kaa
79.7%
Carl Fredricksen
79%
Linguini
78.8%
Lumiere
78.6%
Mrs. Potts
78.3%
Gill
77.8%
Remy
77.2%
Iago
73.5%
Hamm
73.4%
Cogsworth
71.4%
Randall Boggs
71.2%
Dug
68.9%
Mater
68.4%
Doc Hudson
67.7%
Charles Muntz
65.8%
King Harold
65.1%
Henry J. Waternoose
64.6%
Bloat
64.2%
Kevin
63.8%
Russell
63.8%
Sally Carrera
61.1%
Anton Ego
60.9%
Chick Hicks
52.2%
Skinner
42.5%
Peach
39.6%
Django
32.6%
Grand Pabbie
31.3%

You're not logged in!

Compare scores with friends on all Sporcle quizzes.
OR
Log In

From the Vault

US Politicians Sorting Blitz

by jyrops

Politics is a dirty business, but somebody has to sort it out.
Remove Ads.
Support Sporcle.
Get the best of Sporcle when you Go Orange. This ad-free experience offers more features, more stats, and more fun while also helping to support Sporcle. Thank you for becoming a member.

Show Comments

Extras

Top Quizzes Today


Score Distribution

Your Account Isn't Verified!

In order to create a playlist on Sporcle, you need to verify the email address you used during registration. Go to your Sporcle Settings to finish the process.

Report this User

Report this user for behavior that violates our Community Guidelines.

Details: